Quizzes
Events
Quiz Creation
Community
Videos
Private Events
Remove Ads
Sign In
Join for FREE
Feedback
Dark Mode
Quiz Categories
Sports
Geography
Music
Movies
Television
Just For Fun
Miscellaneous
History
Literature
Language
Science
Gaming
Entertainment
Religion
Holiday
For Kids
Quiz Lab
Recent
Popular Today
Quiz Kudos Today
Editor Picks
Curator Picks
Quizzes by...
Day
Popularity
Type
Ratings
Length
Year
Community
Subscriptions
Recent Discussions
Orange Saloon
Badges
Playlists
Quests
Create
Leaderboards
Showdown
Live 5
Trivia Bingo
Activity
Puzzle Library
Sporcle Events
Private Events
Virtual Trivia
Globe League
Become a Host
Pub Owners
SporcleCon
Opinionation
Our Games
Videos
Blog
Mobile Apps
Partnerships
Remove Ads and Go Orange
Feedback
Sports
Athletes
MLB
NBA
NHL
NFL
Soccer
Sports Teams
WWE
NCAA
Football
Premier League
Basketball
Baseball
Hockey
Golf
Tennis
Cricket
Rugby
Auto Racing
Olympics
World Cup
Sports
Athletes
MLB
NBA
NHL
NFL
Soccer
Sports Teams
WWE
NCAA
Football
Premier League
Basketball
Baseball
Hockey
Golf
Tennis
Cricket
Rugby
Auto Racing
Olympics
World Cup
Random Quiz
Search Sporcle
×
Quiz Lab
Quiz Lab
Sports
NFL
Type in answers that appear in a list
Type in answers that appear in a list
Classic
Best Score? Go Orange.
Top 25 NFL jersey sales (2010) Stats
Can you name the top 25 NFL players in jersey sales?
By
kylepeter5
4m
25 Questions
5,227 Plays
5,227 Plays
5,227 Plays
Comments
Comments
Give Quiz Kudos
Give Quiz Kudos
-
- Ratings
hide this ad
Forced Order
Answers have to be entered in order
Answers have to be entered in order
Replay
Link that replays current quiz
Next Quiz
Link to next quiz in quiz playlist
You Got
0%
They Got
Avg Score
55%
Avg Friend Score
Upgrade to see
Score Distribution
Jump to the score distribution portion of the page
Score
0/25
Timer
04:00
0
Plays Today
Team
Player
% Correct
#3 Saints
Drew Brees
94.3%
#4 Colts
Peyton Manning
93.6%
#7 Cowboys
Tony Romo
84.2%
#1 Broncos
Tim Tebow
76.6%
#8 Vikings
Brett Favre
76.4%
#15 Giants
Eli Manning
68.1%
#18 Patriots
Tom Brady
67.5%
#13 Cardinals
Larry Fitzgerald
66.2%
#2 Redskins
Donovan McNabb
66%
#11 Jets
Mark Sanchez
64.8%
#6 Rams
Sam Bradford
64.2%
#22 Packers
Aaron Rodgers
56.9%
#17 Saints
Reggie Bush
55.2%
Team
Player
% Correct
#23 Vikings
Adrian Peterson
54.4%
#9 Jets
LaDainian Tomlinson
49.6%
#5 Lions
Ndamukong Suh
48.9%
#10 Steelers
Troy Polamalu
41.9%
#21 Eagles
DeSean Jackson
40.9%
#12 Cowboys
Dez Bryant
40.4%
#20 Eagles
Kevin Kolb
35.1%
#16 Dolphins
Brandon Marshall
34.8%
#19 49ers
Patrick Willis
32.7%
#24 Cowboys
Miles Austin
31.7%
#25 Browns
Colt McCoy
19.6%
#14 Chiefs
Eric Berry
17.1%
Quiz Playlist
Details
Report
Send in Message
Add To Playlist
Classic:
Type in answers that appear in a list
Forced Order:
Answers have to be entered in order
Quiz Source
Last Updated: Feb 16, 2017
Quiz Scoreboard
CHALLENGE
Sign Up to Join the Scoreboard
Show All
Scores
Hide
Comments
May contain spoilers
Recently Published
Presidents Visiting Landmarks
by Hejman
History
7m
An Introduction to Baseball
by treessimontrees
Sports
5m
Movies - When Are They Set?
by FPL_Elf
Movies
5m
More to Explore
Quiz From the Vault
Featured Blog Post
Where Did the Easter Bunny Come From?
hide this ad
You Might Also Like...
Tags
NFL Quiz
2010
Jersey
Player
sale
team
Today's Top Quizzes in Sports
Browse Sports
hide this ad
Today's Top Quizzes in NFL
Browse NFL
Top Contributed Quizzes in Sports
1
Les meilleurs buteurs des matchs entre le PSG et l’OM
2
2022 World Cup Stars
3
FIFA Club World Cup Champions
4
Les entraîneurs de l'OM et du PSG au 21e siècle
5
Name the Premier League winners with different clubs
6
La finale Lions - Afrique du Sud 2021
7
England Test cricketers to play under Nasser Hussain
8
5-to-1: UK Sports Teams
9
Les joueurs passés par le LOSC et le RC Lens
10
Criteria MLB: Left Handed Sluggers
Explore More
Trending Topics
Disney
NBA
Kpop
Crossword
Anime
Harry Potter
Marvel
Country
NFL
Song
The Office
WWE
Soccer
Pokémon
Puzzle
hide this ad
More By:
kylepeter5
Quiz
Plays
Rating
Category
Featured
Created
Movie Scenes (Pictures)
6,063
2.60
Movies
Jan 31, 2010
Top 25 NFL jersey sales (2010)
5,227
3.67
Sports
Jul 8, 2010
Movie Scenes A-Z (Pictures)
1,908
3.15
Movies
Feb 1, 2010
TV Show Theme Song (Lyrics)
773
2.67
Television
May 25, 2010
Name his college (NBA Players)
688
4.33
Sports
Feb 15, 2010
Go to Creator's Profile
Score Distribution
Quiz Creator Spotlight
kylepeter5
Follow
Send a Message
Quizzes Created
-
Created Quiz Play Count
-
More By This Creator
Popular Quizzes Today
1
Find the US States - No Outlines Minefield
2
Find the Countries of Europe - No Outlines Minefield
3
The Countries of the World
4
Find the US States
5
Popular People in 1961
6
US States
7
Risky Map Clicking: Biggest States A-Z
8
1-10 Letter E Words III
More Sports Quizzes
NBA Teams Alphabetically By Nickname Minefield
Curator's Pick
Trending Quizzes
Risky Map Clicking: Least Populous States A-Z
1-10 Letter G Words
1-10 Letter F Words
One Thing in Common: United Kingdom
Risky Map Clicking: Next State Alphabetically
Recently Updated
Leaping Animals
pecheneg
Reality TV Shows (A-Z)
bhenderson79
Rickey Henderson's Hall of Fame Teammates
pecheneg
Champions League XIs: Arsenal
pecheneg
Quick Pick: Celebrities in WWE's Hall of Fame
aduchscher
A-Z Keypad Blitz II
pecheneg
Multiple Oscar Actors
pecheneg
Mystery Phrase Blitz: Oscar 'Best Actors'
pecheneg
F. Scott Fitzgerald Novels
LTH
Pick 3 Villains
ddd62291
Trending Topics
Kpop
Disney
Anime
Marvel
NBA
Harry Potter
Crossword
The Office
WWE
Puzzle
NFL
Song
Pokémon
Soccer
Country
Your Account Isn't Verified!
In order to create a playlist on Sporcle, you need to verify the email address you used during registration. Go to your
Sporcle Settings
to finish the process.
Report this User
Report this user for behavior that violates our
Community Guidelines
.
Details:
Send Report
Go to the Sporcle.com Mobile Site →
Comments